A Magyar Birodalom leirasa [leírása!] különös tekintettel az 1876. XXXIII. törv.-cikkre

Elmentve itt :
Bibliográfiai részletek
Szerző: Király Pál
További közreműködők: Ballagi Károly
Dokumentumtípus: Cikk
Megjelent: 1877
Sorozat:Kolligátum
Kulcsszavak:Földrajz - magyar
Online Access:http://misc.bibl.u-szeged.hu/23987
LEADER 00616nab a2200181 i 4500
001 misc23987
005 20191108150519.0
008 170824s1877 hu o 0|| zxx d
040 |a SZTE Miscellanea Repozitórium  |b hun 
041 |a zxx 
100 1 |a Király Pál 
245 1 2 |a A Magyar Birodalom leirasa [leírása!] különös tekintettel az 1876. XXXIII. törv.-cikkre  |h [elektronikus dokumentum] /  |c  Király Pál 
260 |c 1877 
300 |a 1-4 
490 0 |a Kolligátum 
695 |a Földrajz - magyar 
700 0 1 |a Ballagi Károly 
856 4 0 |u http://misc.bibl.u-szeged.hu/23987/1/010_020_001-004.pdf  |z Dokumentum-elérés